000 00712nam a2200241Ia 4500
003 OSt
005 20221005133558.0
006 a|||||r|||| 00| 0
007 ta
008 221004b |||||||| |||| 00| 0 hin d
024 _a109457
037 _cTextual
040 _aCRL
_cCRL
_bhin
041 _2hin
_ahin
082 _aO152,2M50:g, L6
245 0 _aनाटककार भारतेन्दु की रंगपरिकल्पना
246 _aNāṭakakār bhāratendu kī rangaparikalpanā
260 _c1976
300 _a110पृ0
_ccm.
650 _aहिन्दी साहित्य
942 _hO152,2M50:g, L6
_cTEXL
_2cc
999 _c1067272
_d1067272